Podnety zámockých hier

Bibliographic Details
Main Author: Jaborník, Ján, 1942-2010 (Author)
Format: Article
Language:Slovak
PhysicalDescription:Obr. 1.
Subjects:

MARC

LEADER 00000nab a2200000 a 4500
001 vtls000063752
003 SK-MaSNL
005 20260303024905.0
008 111103c1980 xo 0 slo
015 |a SNBRB19rr/mm-uuuuu 
035 |a CL0073852 
040 |a SNKBUCL  |b slo  |c SNKBUCL  |e AACR2 
041 0 |a slo 
044 |a xo  |c SK 
080 |a 792.2  |2 1981 
080 |a 792.5  |2 1981 
100 1 |a Jaborník, Ján,  |d 1942-2010  |4 aut  |9 103550 
245 1 0 |a Podnety zámockých hier  |c Ján Jaborník 
300 |b Obr. 1. 
611 2 7 |a Zámocké hry zvolenské  |n (7. :  |d 1980 :  |c Zvolen, Slovensko)  |2 snkbucl  |9 120536 
648 7 |a 1980  |2 snkbucl  |9 279231 
650 0 7 |a divadlo  |2 snkbucl  |9 3335 
650 0 7 |a divadelné festivaly a prehliadky  |2 snkbucl  |9 3350 
651 7 |a Zvolen (Slovensko)  |2 snkbucl  |9 14595 
655 7 |a články z novín a časopisov  |2 snkbucl  |9 267496 
773 0 |t Nové slovo  |g Roč. 22, č. 32 (1980), s. 16 
850 |a Slovenská národná knižnica v Martine  |a MTA001 
852 |a SNK  |b KIS3GCP 
992 |a RBX 
999 |c 1643213  |d 1645143